• 首页
  • 本馆介绍
  • 公告通知
  • 最新文献
  • 馆藏检索
  • 电子资源
  • 读者导购
  • 参考咨询
  • 我的图书馆
  • 登录
  • 详细信息显示
  • 放入我的书架
  • 预约/预借图书
  • 作者相关作品
  • 分类相关作品
  • 丛书相关作品
  • 出版社相关作品

书目信息

  • 表格格式
  • 工作单格式
  • 卡片格式
题名:
脱险杂记
    
 
作者: 茅盾 著
分册:  
出版信息: 北京   中国社会科学出版社  1980
页数: 395页
开本: 19cm
丛书名:
单 册:
中图分类: I266 , I246.1
科图分类:
主题词: 散文--中国--现代--选集 , 小说--中国
电子资源:
ISBN:
000 00621nam0 2200241 450
001 1561591593
005 20150124170702.06
010    @dCNY0.95
091    @a10190.034
100    @a20130329d1980 em y0chiy0110 ea
101 0  @achi
102    @aCN@b110000
105    @af z 000cy
200 1  @a脱险杂记@9tuo xian za ji@f茅盾著
210    @a北京@c中国社会科学出版社@d1980
215    @a395页@c照片@d19cm
606 0  @a散文@y中国@z现代@x选集
606 0  @a小说@x中国
690    @aI266@v5
690    @aI246.1@v4
701  0 @a茅盾@9mao dun@f(1896~1981)@4著
801  0 @aCN@bTSSF@c20150124
905    @aZUCC@dI246.1@eJY2
    
    脱险杂记/茅盾著.-北京:中国社会科学出版社,1980
    395页:照片;19cm
    
    
    ISBN :CNY0.95
    
●
相关链接 在E读中查询图书 在五车中查询图书 在当当中查询图书 在豆瓣中查询图书


正题名:脱险杂记     索取号:I246.1/JY2         预约/预借

序号 登录号 条形码 馆藏地/架位号 状态 备注
1 7842348   278423485   学院路分馆/ [索取号:I246.1/JY2] 在馆    
唐山师范学院图书馆 欢迎您!
大连网信软件有限公司© 版权所有